Missing Word: Authors Named 'Dan' Quiz Stats

 Plays Quiz Updated Oct 10, 2017

Score 0/16 Timer 04:00
0 Plays Today
% Correct
Code
98.5%
Demons
97.5%
Robinson
95.2%
Moll
65%
Lost
49.9%
Digital
38.7%
Road
37.4%
Beginning
19.6%
% Correct
Safe
18.9%
Mixed
15.9%
Paris
14.5%
Plague
13.9%
Grim
13.8%
Carnival
13.1%
Miserable
12.4%
Singleton
5.3%

Today's Daily Dose

You're not logged in!

Compare scores with friends on all Sporcle quizzes.
OR
Log In

You Might Also Like...

Show Comments

Extras

Top Quizzes Today


Score Distribution

Your Account Isn't Verified!

In order to create a playlist on Sporcle, you need to verify the email address you used during registration. Go to your Sporcle Settings to finish the process.

Report this User

Report this user for behavior that violates our Community Guidelines.

Details: